000 00558nam a2200169Ia 4500
003 GCL
008 140319s9999 xx 000 0 ara d
040 _aGCL /
_cGCL
082 0 4 _a661
_bم م
100 1 _aمحمد محمد مجاهد
245 1 0 _aمبادئ فى الكيمياء الصناعية للمهندسين /
_cمحمد محمد مجاهد
700 1 _aمحمد يوسف بكر
260 _aبيروت :
_bدار الراتب الجامعية ،
_c1988
300 _a166 ص
650 0 4 _aالكيمياء الصناعية
942 _2ddc
_cBK
999 _c37821
_d37821